Online Catalogue and eLibrary

Kadavulyean innum sagavillai (Record no. 1368)

MARC details
000 -LEADER
fixed length control field 00387nam a2200169Ia 4500
005 - DATE AND TIME OF LATEST TRANSACTION
control field 20250429034017.0
008 - FIXED-LENGTH DATA ELEMENTS--GENERAL INFORMATION
fixed length control field 240331s9999 xx 000 0 und d
082 ## - DDC Classification
Item Number - Author Mark GNA
Class No. 294
100 ## - MAIN ENTRY--PERSONAL NAME
Personal name Gnanai,
245 #0 - TITLE STATEMENT
Title Kadavulyean innum sagavillai
250 ## - EDITION STATEMENT
Edition statement 2nd
260 ## - PUBLICATION, DISTRIBUTION, ETC.
Place of publication, distribution, etc. Coimbatore
Name of publisher, distributor, etc. Nihal
Date of publication, distribution, etc. 1997
300 ## - PHYSICAL DESCRIPTION
Extent (e.g. Volumes, Pages etc.) 116 + 16 p .,
650 ## - SUBJECT ADDED ENTRY--TOPICAL TERM
Topical term or geographic name entry element Religion
650 ## - SUBJECT ADDED ENTRY--TOPICAL TERM
Topical term or geographic name entry element History
942 ## - Koha item type (Biblio)
Koha item type Books in Stacks (Lending)
Holdings
Lost status Damaged status Collection code Home library Current library Shelving location Date acquired Full call number Accession Number Item type
    Lending WERC Library WERC Library Social Science Cupboard 03/31/2024 294.5 GNA 2592 Books in Stacks (Lending)

© WERC Library